अष्टपैलू शास्त्रज्ञ डॉ गोविंद बाळकृष्ण डेवडीकर (Record no. 369969)
[ view plain ]
| 000 -LEADER | |
|---|---|
| fixed length control field | 00600nam a2200169Ia 4500 |
| 005 - DATE AND TIME OF LATEST TRANSACTION | |
| control field | 20260121165310.0 |
| 008 - FIXED-LENGTH DATA ELEMENTS--GENERAL INFORMATION | |
| fixed length control field | 260121s9999 xx 000 0 und d |
| 020 ## - INTERNATIONAL STANDARD BOOK NUMBER | |
| International Standard Book Number | 978-93-91558-00-0 |
| 041 ## - LANGUAGE CODE | |
| Language code of text/sound track or separate title | mar |
| 082 ## - DEWEY DECIMAL CLASSIFICATION NUMBER | |
| Classification number | 925 |
| 100 ## - MAIN ENTRY--PERSONAL NAME | |
| Personal name | क्षीरसागर क. कू. |
| 245 ## - TITLE STATEMENT | |
| Title | अष्टपैलू शास्त्रज्ञ डॉ गोविंद बाळकृष्ण डेवडीकर |
| 250 ## - EDITION STATEMENT | |
| Edition statement | 1 |
| 260 ## - PUBLICATION, DISTRIBUTION, ETC. (IMPRINT) | |
| Name of publisher, distributor, etc. | भारतीय विचार साधना पुणे |
| Date of publication, distribution, etc. | 2021 |
| 300 ## - PHYSICAL DESCRIPTION | |
| Extent | 88 |
| 650 ## - SUBJECT ADDED ENTRY--TOPICAL TERM | |
| Topical term or geographic name as entry element | मराठी साहित्य |
| 9 (RLIN) | 216395 |
| Withdrawn status | Lost status | Damaged status | Not for loan | Home library | Current library | Date acquired | Vendor | Cost, normal purchase price | Bill number | Total Checkouts | Full call number | Barcode | Date last seen | Cost, replacement price | Bill Date | Koha item type | Original Barcode |
|---|---|---|---|---|---|---|---|---|---|---|---|---|---|---|---|---|---|
| Manilal Nanavati Vocational Training Institute Pune | Manilal Nanavati Vocational Training Institute Pune | 25/04/2025 | BVS | 91.00 | Ho/IN/603 | 925/KSH/B2175 | MNVT-BK-2175 | 21/01/2026 | 130.00 | 18/03/2025 | Books | B2175 |